000 00343pam a2200157a 44500
008 230515b1995 xxu||||| |||| 00| 0 eng d
020 _aNULL
041 _aENGL
082 _aCHA
100 _aW.A.J. CHAPMAN
245 _aWORK SHOP TECHNOLOGY PART-I
250 _a5
260 _aNULL
_bC.B.S
_c1995
300 _a412 PB
650 _aNULL
999 _c658660
_d658660